|
|
|
|
| LEADER |
01090nab#a2200325#ar4500 |
| 001 |
000073591 |
| 003 |
SVKKK |
| 005 |
19971002xxxxxxx. |
| 008 |
06 c xo huno |
| FMT |
|
|
|
| 038 |
|
|
|a SVKKK
|
| 040 |
|
|
|a SVKKK
|b slo
|e AACR2
|
| 041 |
0 |
|
|a hun
|
| 044 |
|
|
|a xo
|c SK
|
| 080 |
|
|
|a 634.8
|
| 080 |
|
|
|a 656.1
|
| 242 |
1 |
0 |
|a Rokovanie
|
| 245 |
0 |
0 |
|a Értekezlet
|
| 520 |
2 |
|
|a Mestský advokát Dr. Ladislav (László) Kathona zvolal na 29.09.1912 schôdzu vinohradníkov, aby sa dohodli na oprave cesty z Rožňavy do Hrušova, resp. na vybudovaní novej.
|
| 650 |
0 |
4 |
|a komunikácia cestná - Rožňava - vinice, Hrušov - kvalita nevyhovujúca - Kathona, Ladislav (advokát) - Rožňava - 29.09.1912 - rokovanie vinohradníkov - oprava cesty - zabezpečenie potrebné - správa
|
| 773 |
0 |
|
|t Sajó-Vidék : Vegyestartalmú hetilap
|g Roč. 15, č. 39 (26.09.1912) s. 3
|
| 957 |
|
|
|a Hrušov
|
| 957 |
|
|
|a Körtvélyes pozri Hrušov
|
| 957 |
|
|
|a Rožňava
|
| 958 |
|
|
|a DG
|
| 958 |
|
|
|a SK
|
| 974 |
|
|
|a ebl
|d 19971002
|
| 992 |
|
|
|a RBX
|
| BAS |
|
|
|
| 998 |
|
|
|a RETRO
|